There are at least 2 ... - Sudden death - Statistics

General Stats
  • This quiz has been taken 321 times
    131 since last reset
  • The average score is 6 of 21
Answers on the Grid
Answers color-coded by a green-red scale on the quiz's grid according to % correct below.
...protons in a helium atom.
...countries bordering Chile
...nucleotide bases
...prime numbers between 1 and 10
...countries beginning with the letter Z
...atria in the heart
...gas giants in the solar system
...permanent members countries in the United Nations Security Council
...meters in 7 feet
...stars in the flag of New Zealand
...oceans on Earth
...still-living members of the Beatles
...teams that have won the UEFA Conference League
...countries with more islands than Canada
...months that begin with the letter A
...national teams that have won at least 4 FIFA World Cups
...gospels in the Bible
...soccer players who have won at least 5 Ballon d'Or
...diagonals in a square
...primary colors
...countries that have hosted the Summer Olympic Games in at least 3 editions
...animals that kill more humans than mosquitoes each year
...islands more populous than Java
...livers in the human body
...English coaches who have won the Premier League
...countries further south than Chile
...weeks in 1 million seconds
...countries that border Haiti
...mountains in Denmark
...days of the week beginning with the letter W
...Y chromosomes in a human cell of a male individual
...NATO countries in Asia
...African footballers who have won the Ballon d'Or.
...kilograms in 4 pounds
...Formula 1 drivers with at least 100 victories
...French teams that have won the UEFA Champions League
...lakes larger than the surface area of the United Kingdom
...elements with melting points above 4 000 °C
...eagles on the Albanian flag
...capitals in Peru
...skyscrapers taller than 1 000 meters
...stars in our solar system
 
Answer Stats
Answer % Correct
...prime numbers between 1 and 10
43%
...oceans on Earth
40%
...primary colors
40%
...countries beginning with the letter Z
37%
...months that begin with the letter A
37%
...countries bordering Chile
36%
...diagonals in a square
34%
...meters in 7 feet
34%
...gospels in the Bible
33%
...stars in the flag of New Zealand
30%
...gas giants in the solar system
28%
...permanent members countries in the United Nations Security Council
27%
...teams that have won the UEFA Conference League
27%
...atria in the heart
24%
...still-living members of the Beatles
22%
...national teams that have won at least 4 FIFA World Cups
19%
...nucleotide bases
18%
...protons in a helium atom.
15%
...soccer players who have won at least 5 Ballon d'Or
15%
...countries with more islands than Canada
13%
...countries that have hosted the Summer Olympic Games in at least 3 editions
7%
No matching quizzes found
Score Distribution
Percent of People with Each Score
Percentile by Number Answered
Your Score History
You have not taken this quiz since the last reset